| 000 | 003710000a22001570004500 | ||
|---|---|---|---|
| 003 | MACL | ||
| 005 | 20160313123913.0 | ||
| 008 | 160313b xxu||||| |||| 00| 0 eng d | ||
| 040 |
_aMACL _cMACL |
||
| 041 | _aHindi | ||
| 082 | _a920 | ||
| 100 |
_aदशंकघर _945722 |
||
| 245 | _aसमर्पित | ||
| 650 |
_aAutobiography _945723 |
||
| 942 |
_cHIN _k920 _2ddc |
||
| 999 |
_c23851 _d23851 |
||